LEADER 01241nam a2200229 i 4500 001 000000020996 003 CaOOAMICUS 005 20211014142709.0 008 180830n it u000 u ita u 040 $aSeMil$bita 245 10$aOpere di Maria Montessori. 260 $aMilano :$bGarzanti,$c[196.] 300 $av. ;$c21 cm. 774 0 $aMontessori, Maria <1870-1952>$tBambini viventi nella Chiesa ; La vita in Cristo ; La Santa Messa spiegata ai bambini.$b[Nuova ed. ampliata].$dMilano : Garzanti, 1970.$w()72536 774 0 $aMontessori, Maria <1870-1952>$tScoperta del bambino.$bRist.$dMilano : Garzanti, 1971.$w()72549 774 0 $aMontessori, Maria <1870-1952>$tEducazione e pace.$b2. ed.$dMilano : Garzanti, 1952.$w()72583 774 0 $aMontessori, Maria <1870-1952>$tSanta Messa spiegata ai bambini.$b3. Ed.$dMilano : Garzanti, 1955.$w()247092 774 0 $aMontessori, Maria <1870-1952>$tAutoeducazione nelle scuole elementari.$dMilano : Garzanti, 2000.$kElefanti. Saggi$z88-11-67472-7$w()253593 830 4$aGli elefanti. Saggi.$0(OLS)http://semarc/title/9234 996 $6245$aOpere di Maria Montessori$9(OLS)http://semarc/title/7198 996 $6260$aMilano :$bGarzanti$9(OLS)http://semarc/publisher/29852 LEADER 01376nam a2200277 4500 001 000000350428 003 CaOOAMICUS 005 20220609154526.0 008 220609s2009 vp a 000 u ita r 020 $a978-88-8271-003-3 040 $aSeMil$bita 245 00$a3: Michelangelo e il Giudizio /$cpresentazione card Giovanni Lajolo ; introduzione Antonio Paolucci ; a cura di Roberto Zagnoli. 264 3$aCittą del Vaticano :$bMusei vaticani ;$aMilano :$bIl Sole 24 ore,$c2009. 300 $a137 p. :$bill. ;$c26x26 cm 700 1 $aZagnoli, Roberto.$0(OLS)http://semarc/name/114218 700 1 $aPaolucci, Antonio,$d<1939-2024>.$0(OLS)http://semarc/name/92484 700 1 $aLajolo, Giovanni,$c.$0(OLS)http://semarc/name/20094 773 0 $tParola dipinta.$dCittą del Vaticano : Musei vaticani ; Milano : Il Sole 24 ore, 2009.$g3$w()346848 850 $aSeMil 852 $aSeMil$W1$xVenegono$y1$m5E VII 6/4$j233218$B241458$CSeMilBibl$Z2$F241458 $81 961 $aCastagna don Enrico - Omaggio 996 $6020$a978-88-8271-003-3$9(OLS)http://semarc/number/295967 996 $6245$a3: Michelangelo e il Giudizio$9(OLS)http://semarc/title/440190 996 $6264$aCittą del Vaticano :$bMusei vaticani$9(OLS)http://semarc/publisher/34911 996 $6264$aMilano :$bIl Sole 24 ore$9(OLS)http://semarc/publisher/32564